Estadísticas para Países que producen la mayor cantidad de cerveza per cápita

Haz click aquí para intentar la prueba.

Estadísticas generales

  • Esta prueba ha sido intentada 1.883 veces
  • La puntuación promedio es 6 de 10

Estadísticas de respuestas

kg / personaPaís% Correcto
104,1Alemania
98%
182,9Bélgica
68%
166,0Irlanda
67%
145,2Países Bajos
67%
109,4Polonia
63%
199,4República Checa
54%
106,0Dinamarca
52%
102,2Noruega
50%
110,2Lituania
22%
110,3Namibia
9%

Distribución de puntuación

Porcentaje por número respondido

Porcentaje de gente con cada puntuación

Historial de tus puntuaciones

No has intentado esta prueba.